Diálogos

Guardat en:
Dades bibliogràfiques
Autor principal: Platón (Autor)
Format: Llibre
Idioma:espanyol
Publicat: Bogotá Panamericana 1993
Matèries:
Etiquetes: Afegir etiqueta
Sense etiquetes, Sigues el primer a etiquetar aquest registre!

MARC

LEADER 00000nam a2200000 a 4500
001 UCX9124
003 CL-VaPUC
005 20230711170234.0
008 940517e19930000CK |||||||||||||||||spa|d
999 |c 228448  |d 228446 
040 |c Pontificia Universidad Católica de Valparaíso 
082 0 4 |a 184  |b PLA  |2 21 
100 0 |a Platón  |e author  |9 222 
245 1 0 |a Diálogos 
260 |a Bogotá  |b Panamericana  |c 1993 
300 |a 552 p 
583 |a last modification  |c 19940517 00:00:00  |k Rodrigo Vera 
650 0 |a Platonismo  |9 265673  |x Filosofía Antigua 
942 |c BK  |2 ddc 
945 |d 19940517 00:00:00  |a oaravena 
952 |0 0  |1 0  |4 0  |6 184_000000000000000_PLA_1993  |7 0  |8 R  |9 228520  |a BIBEDU  |b BIBEDU  |c MCIRC  |d 2019-11-15  |i 2979845  |l 3  |o 184 PLA 1993  |p 2979845  |r 2024-03-15  |s 2024-03-15  |w 2019-11-15  |y BK_R  |k LIT